MDQL
is popping MORE tags! Check the
thread
!
Quizzes
Events
Quiz Creation
Community
Videos
Private Events
Remove Ads
Sign In
Join for FREE
Feedback
Dark Mode
Quiz Categories
Sports
Geography
Music
Movies
Television
Just For Fun
Miscellaneous
History
Literature
Language
Science
Gaming
Entertainment
Religion
Holiday
For Kids
Quiz Lab
Recent
Popular Today
Quiz Kudos Today
Editor Picks
Curator Picks
Quizzes by...
Day
Popularity
Type
Ratings
Length
Year
Community
Subscriptions
Recent Discussions
Orange Saloon
Badges
Playlists
Quests
Create
Leaderboards
Showdown
Live 5
Trivia Bingo
Activity
Puzzle Library
Sporcle Events
Private Events
Virtual Trivia
Globe League
Become a Host
Pub Owners
SporcleCon
Opinionation
Our Games
Videos
Blog
Mobile Apps
Partnerships
Remove Ads and Go Orange
Feedback
Sports
Athletes
MLB
NBA
NHL
NFL
Soccer
Sports Teams
WWE
NCAA
Football
Premier League
Basketball
Baseball
Hockey
Golf
Tennis
Cricket
Rugby
Auto Racing
Olympics
World Cup
Sports
Athletes
MLB
NBA
NHL
NFL
Soccer
Sports Teams
WWE
NCAA
Football
Premier League
Basketball
Baseball
Hockey
Golf
Tennis
Cricket
Rugby
Auto Racing
Olympics
World Cup
Random Quiz
Search Sporcle
×
Quiz Lab
Quiz Lab
Sports
Medal
Type in answers that appear in a list
Type in answers that appear in a list
Classic
Best Score? Go Orange.
All 2016 Team GB Olympic Medalists Stats
Can you name all of the Team GB medalists at the 2016 Olympic Games?
By
TheCleverone
20m
130 Questions
363 Plays
363 Plays
363 Plays
Comments
Comments
Give Quiz Kudos
Give Quiz Kudos
-
- Ratings
hide this ad
More Info
Replay
Link that replays current quiz
Next Quiz
Link to next quiz in quiz playlist
You Got
0%
They Got
Avg Score
30%
Avg Friend Score
Upgrade to see
Score Distribution
Jump to the score distribution portion of the page
Score
0/130
Timer
20:00
0
Plays Today
Medal(s)
Medalist
% Correct
2 x Gold
Mo Farah
91.4%
3 x Gold
Jason Kenny
89.5%
2 x Gold
Laura Trott
85.9%
2 x Gold, Bronze
Max Whitlock
85.6%
Gold, Silver
Adam Peaty
75.4%
Silver
Louis Smith
73.2%
Gold
Nicola Adams
72.7%
Silver
Jessica Ennis-Hill
72.4%
Bronze
Tom Daley
71.8%
Gold, Silver
Jack Laugher
68%
Gold
Andy Murray
66%
Gold
Alistair Brownlee
65.2%
Silver
Jonathan Brownlee
64.7%
Gold, Silver
Charlotte Dujardin
64.4%
Gold
Bradley Wiggins
62.4%
Gold
Jade Jones
60.8%
Gold
Justin Rose
58.6%
Gold, Silver
Callum Skinner
53.9%
Gold
Giles Scott
51.7%
2 x Silver
Duncan Scott
51.1%
Bronze
Steven Scott
50.8%
Gold
Kate Richardson-Walsh
49.2%
Gold
Helen Richardson-Walsh
48.9%
Silver
Mark Cavendish
48.9%
Gold, Silver
Liam Heath
48.3%
Gold
Nick Skelton
47.5%
2 x Silver
Rebecca James
47%
Gold
Ed Clancy
46.1%
2 x Silver
Jazmin Carlin
45.6%
Gold
Helen Glover
45.6%
Silver
Katherine Grainger
43.9%
Gold
Saksia Clark
43.1%
2 x Silver
James Guy
42.8%
Gold
Joanna Rowsell
42%
Gold
Heather Stanning
41.4%
Silver
David Florence
41.2%
Gold
Chris Mears
40.9%
Bronze
Nile Wilson
40.3%
Silver
Joe Joyce
40.1%
Gold
Joe Clarke
39.8%
Bronze
Greg Rutherford
39.2%
Bronze
Chris Froome
38.4%
Silver
Melanie Wilson
37.3%
Gold
Sam Quek
35.9%
Medal(s)
Medalist
% Correct
Gold
Maddie Hinch
35.4%
Gold
Katie Archibald
33.7%
Gold
Hannah Mills
33.4%
Gold
Elinor Barker
32.9%
Gold
Philip Hindes
32.6%
Gold
Alex Danson
31.5%
Gold
Nicola White
30.9%
Gold
Steven Burke
30.1%
Bronze
Dina Asher-Smith
30.1%
Silver
Richard Hounslow
29.6%
Gold
Owain Doull
27.1%
Gold
Andrew Triggs Hodge
27.1%
Gold
Phelan Hill
26.8%
Silver
Lutalo Muhammed
25.9%
Gold
Crista Cullen
24.6%
Silver
Bryony Page
24.6%
Bronze
Amy Tinkler
24%
Gold
Susanna Townsend
22.7%
Gold
Paul Bennett
22.7%
Silver
Karen Bennett
22.7%
Silver
Mark Bennett
22.7%
Gold
Hollie Webb
22.4%
Silver
Marcus Watson
21.5%
Bronze
Vicky Holland
21.5%
Silver
Carl Hester
21%
Gold
Giselle Ansley
20.7%
Bronze
Daniel Goodfellow
20.7%
Silver
Siobhan-Marie O'Connor
20.2%
Gold
Pete Reed
19.9%
Gold
Mohammed Sbihi
19.6%
Gold
Laura Unsworth
19.3%
Gold
George Nash
19.1%
Gold
Constantine Louloudis
18.8%
Gold
Georgie Twigg
18.5%
Silver
Jon Schofield
18.5%
Bronze
Asha Philip
18.2%
Gold
Alex Gregory
18%
Silver
Jessica Eddie
17.7%
Gold
Sophie Bray
17.4%
Silver
Dan Bibby
17.1%
Silver
James Davies
17.1%
Bronze
Katy Marchant
16.6%
Bronze
Bianca Walkden
16%
Bronze
Christine Ohuruogu
15.7%
Medal(s)
Medalist
% Correct
Bronze
Chris Langridge
15.5%
Gold
Matt Langridge
15.2%
Silver
Nick Dempsey
15.2%
Bronze
Sophie Hitchon
15.2%
Gold
Lily Owsley
14.9%
Silver
Zoe Lee
14.6%
Bronze
Emily Diamond
14.4%
Bronze
Eilidh Doyle
13.8%
Bronze
Edward Ling
13.5%
Silver
Vicky Thornley
13.3%
Bronze
Marcus Ellis
13.3%
Silver
Fiona Bigwood
13%
Silver
Phil Burgess
12.7%
Bronze
Desiree Henry
12.7%
Silver
Dan Norton
12.2%
Gold
Matt Gotrel
11.9%
Gold
Hannah Macleod
11.6%
Gold
Shona McCallin
11.3%
Silver
Spencer Wilton
11.3%
Silver
Polly Swann
11%
Silver
Tom Mitchell
10.8%
Gold
William Satch
10.5%
Bronze
Joshua Buatsi
10.5%
Bronze
Sally Conway
10.2%
Silver
Katie Graves
9.9%
Silver
Zoe de Toledo
9.4%
Silver
Chris Walker-Hebborn
9.4%
Silver
Robbie Renwick
9.1%
Silver
Mark Robertson
8.6%
Silver
Daniel Wallace
8.6%
Bronze
Daryll Neita
8%
Silver
Olivia Carnegie-Brown
7.7%
Silver
Sam Cross
7.5%
Silver
James Rodwell
7.5%
Bronze
Anyika Onoura
7.2%
Gold
Scott Durant
6.9%
Gold
Tom Ransley
6.9%
Silver
Ollie Lindsay-Hague
6.9%
Silver
Frances Houghton
6.6%
Bronze
Kelly Massey
6.1%
Silver
Stephen Milne
5.5%
Silver
Ruaridh McConnochie
4.1%
Quiz Playlist
Details
Report
Send in Message
Add To Playlist
More Info:
This includes members of teams, such as the Women's Hockey.
Classic:
Type in answers that appear in a list
Quiz Source
Last Updated: Mar 27, 2017
Quiz Scoreboard
CHALLENGE
Sign Up to Join the Scoreboard
Show All
Scores
Hide
Comments
May contain spoilers
Recently Published
Two Season TV Shows II
by 123Four
Television
10m
Image Sorting: Flags VI
by Barbecue
Geography
2m
Find the 'City' Movie
by crazypaving
Movies
60s
More to Explore
Quiz From the Vault
Featured Blog Post
14 Easter Pick-up Lines to Find Eggs With
hide this ad
You Might Also Like...
Tags
2016
Medal
Medalist
team
Today's Top Quizzes in Sports
Browse Sports
hide this ad
Today's Top Quizzes in Medal
Browse Medal
Top Contributed Quizzes in Sports
1
Les meilleurs buteurs des matchs entre le PSG et l’OM
2
Les entraîneurs de l'OM et du PSG au 21e siècle
3
2022 World Cup Stars
4
Les joueurs passés par le PSG et l'OM
5
Players with Multiple 50 Home Run Seasons
6
Criteria MLB: Left Handed Sluggers
7
FIFA Club World Cup Champions
8
Les joueurs passés par le LOSC et le RC Lens
9
NBA Logic Puzzle 2.0
10
Top 10 NHL Goal Scorers of All Time
Explore More
Trending Topics
Disney
Anime
NBA
Harry Potter
Marvel
Kpop
Crossword
Pokémon
Song
WWE
Country
The Office
Soccer
Puzzle
NFL
hide this ad
More By:
TheCleverone
Quiz
Plays
Rating
Category
Featured
Created
30 Second Math
167,367
4.37
Science
Sep 8, 2012
Harry Potter Actor-Character Trap
88,847
4.67
Movies
Mar 21, 2015
Anything but the UK
84,252
4.58
Geography
May 30, 2012
Quotes from Books II
43,299
4.70
Literature
May 20, 2013
11-Letter Vocabulary (Medium)
35,791
4.49
Language
Feb 21, 2014
Go to Creator's Profile
Score Distribution
Quiz Creator Spotlight
TheCleverone
Follow
Send a Message
Quizzes Created
-
Created Quiz Play Count
-
More By This Creator
Popular Quizzes Today
1
Colored Red Africa Blitz
2
Find the US States - No Outlines Minefield
3
Find the 'City' Movie
4
5x2 Blitz: Bands
5
The Countries of the World
6
Find the US States
7
Find the Countries of Europe - No Outlines Minefield
8
US States
More Sports Quizzes
Where Did They Go: Napoli
Quiz Lab
Trending Quizzes
Colored Red Europe Blitz I
Colored Red Africa Blitz II
Colored Red Europe Blitz II
Colored Red Africa Blitz III
Colored Red Europe Blitz III
Recently Updated
How Do You Spell That?
pecheneg
Godzilla Movies
pecheneg
Grab Bag: 4-10 Letters
pecheneg
2024 March Madness Bracket
pecheneg
Famous TV Couples
Peacemaker
Champions League XIs: Real Madrid
pecheneg
Largest US Cities 1790-2010
pecheneg
Rides in Walt Disney World
pecheneg
Most Oscar Losses (Acting)
pecheneg
Beyoncé Albums
pecheneg
Trending Topics
Marvel
NBA
Anime
Crossword
Kpop
Harry Potter
Disney
Soccer
Song
Pokémon
Puzzle
WWE
The Office
NFL
Country
Your Account Isn't Verified!
In order to create a playlist on Sporcle, you need to verify the email address you used during registration. Go to your
Sporcle Settings
to finish the process.
Report this User
Report this user for behavior that violates our
Community Guidelines
.
Details:
Send Report
Go to the Sporcle.com Mobile Site →
Comments